Statistics for Countries With 500 Meter Skyscrapers

Click here to take the quiz!

General Stats

  • This quiz has been taken 1,467 times
  • The average score is 5 of 6

Answer Stats

BuildingMeters / FeetCity% Correct
One World Trade Center541 / 1776United States
99%
Shanghai Tower632 / 2073China
97%
Burj Khalifa828 / 2717United Arab Emirates
97%
Abraj Al-Bait Clock Tower601 / 1971Saudi Arabia
80%
Lotte World Tower555 / 1823South Korea
73%
Taipei 101509 / 1670Taiwan
71%

Score Distribution

Percentile by Number Answered

Percent of People with Each Score

Your Score History

You have not taken this quiz